000 02384nam1a2200277 i 4500
001 RU\NLR\BIBL_A\010690412
005 20260408111732.0
035 _a(NILC)RuMoRGB-006809039
035 _a(NLR Aleph) 010690412
090 _a9682679
_c9682679
100 _a20140529g20139999k y0rusy50 ca
101 0 _arus
102 _aRU
_aRU
105 _a||||z|||00|yy
200 1 _aТак начинается будущее
_eсборник докладов студентов Факультета педагогического образования и сервисных технологий ФГБОУ ВПО "МаГУ" на защите выпускных квалификационных работ, выполненных под руководством преподавателей Кафедры РЯЛиМП
_e[по специальности 059708.65 "Педагогика и методика начального образования" и 032001.65 "Документоведение и документационное обеспечение управления" и по направлению подготовки бакалавров 050700.62 "Педагогика"]
_fМ-во образования и науки Рос. Федерации, ФГБОУ ВПО "Магнитогор. гос. ун-т", Фак. пед. образования и сервисных технологий, Каф. рус. яз., лит. и методик их преподавания (РЯЛиМП)
_g[под ред. С.А. Анохиной]
210 _aМагнитогорск
_cИзд-во магнитогорского государственного университета
_d2013
215 _d21
606 1 _aПедагогика
_jСборники
_xНаучно-исследовательская работа студентов
_91843485
_3RU\NLR\AUTH\66834747
686 1 _aЧ486.63-268я43
702 1 _aАнохина
_bС. А.
_gСветлана Анатольевна
_4340
711 0 2 _aМагнитогорский государственный университет
_bФакультет педагогического образования и сервисных технологий
_3RU\NLR\AUTH\880358374
_9384272
801 0 _aRU
_bРГБ
_c20140424
_gRCR
852 _aNLR
_j2014-4/5757
942 _cBOOK